00287nam a2200121Ia 4500008004100000041000800041082001500049100001600064245002000080260002900100300001900129999001700148241015s9999 xx 000 0 und d aeng a293.13 GAI aNeil Gaiman aNorse Mythology bBloomsburyaLondonc2017 a278;. P. 24 cm c41619d41619